Hey Ram to Jai Shri Ram: (Record no. 193919)

MARC details
000 -LEADER
fixed length control field 00908nam a22002177a 4500
005 - DATE AND TIME OF LATEST TRANSACTION
control field 20260617111100.0
010 ## - LCCN (DPL NO)
LC control number B-747413-414 E.N.A./7.11.22 ENG-148934
020 ## - INTERNATIONAL STANDARD BOOK NUMBER
International Standard Book Number 9789391524999
Terms of availability 995.00
035 ## - SYSTEM CONTROL NUMBER
System control number B-747413-414
035 ## - SYSTEM CONTROL NUMBER
System control number EN-132466
037 ## - SOURCE OF ACQUISITION
Source of stock number/acquisition Anamika Publishers & Distributors
037 ## - SOURCE OF ACQUISITION
Source of stock number/acquisition DBAD
082 ## - DEWEY DECIMAL CLASSIFICATION NUMBER
Classification number 954
Edition number 1
100 ## - MAIN ENTRY--PERSONAL NAME
Personal name Anand Vardhan Singh
245 ## - TITLE STATEMENT
Title Hey Ram to Jai Shri Ram:
Remainder of title 20 dates that changed the course of India/
Statement of responsibility, etc Anand Vardhan Singh
260 ## - PUBLICATION, DISTRIBUTION, ETC. (IMPRINT)
Place of publication, distribution, etc New Delhi
Name of publisher, distributor, etc Anamika Publishers & Distributors
Date of publication, distribution, etc 2022
270 ## - ADDRESS
Address 4697/3, 21A, Ansari Road, Darya ganj,
City New Delhi
Postal code 110002
300 ## - PHYSICAL DESCRIPTION
Extent 394p.
Dimensions 22cm(hbk)
942 ## - ADDED ENTRY ELEMENTS (KOHA)
Source of classification or shelving scheme Dewey Decimal Classification
Item type English Books
Call number suffix ANA
Classification part 954
Holdings
Withdrawn status Lost status Not for loan Collection code Home library Current library Date acquired Source of acquisition Cost, normal purchase price Full call number Barcode Copy number Cost, replacement price Koha item type
      Non-fiction Central Library Central Library 13/02/2023 Anamika Pub.&Dist./IN375/2.12.22/149/23.11.22/13.12.22 995.00 954 ANA B-747413 1 995.00 English Books
    Not For Loan Non-fiction D.B.Act.Division D.B.Act.Division 17/06/2026 Delivery of Books Act Division 995.00 ANA 954 EN-132466 1 995.00 English Books
      Non-fiction Sarojini Nagar Sarojini Nagar 13/02/2023 Anamika Pub.&Dist./IN375/2.12.22/149/23.11.22/13.12.22 995.00 954 ANA B-747414 1 995.00 English Books

© Delhi Public Library
Hit Counter
free hit counter